Southville International School and Colleges
Your cart is empty.
  • Cart
  • Lists
    Public lists Eva Luna New books Lux_list list_1
    Your lists Log in to create your own lists
  • Log in to your account
  • Your cookies
  • Search history
Southville International School and Colleges
  • Advanced search
  • Recent comments
  • Most popular
  • Libraries

Log in to your account

Log in with GOOGLE


If you do not have an external account, but do have a local account, you can still log in:

  1. Home
  2. MARC view: Quantitative narrative analysis /
Normal view MARC view ISBD view

Quantitative narrative analysis / (Record no. 275380)

[ view plain ]
MARC details
000 -LEADER
fixed length control field 01037cam a2200289 a 4500
001 - CONTROL NUMBER
control field 15694436
003 - CONTROL NUMBER IDENTIFIER
control field SISC
005 - DATE AND TIME OF LATEST TRANSACTION
control field 20160610110135.0
008 - FIXED-LENGTH DATA ELEMENTS--GENERAL INFORMATION
fixed length control field 090409s2010 cauab b 001 0 eng
010 ## - LIBRARY OF CONGRESS CONTROL NUMBER
LC control number 2009014357
020 ## - INTERNATIONAL STANDARD BOOK NUMBER
International Standard Book Number 9781412925259 (pbk.)
040 ## - CATALOGING SOURCE
Original cataloging agency DLC
Transcribing agency DLC
Modifying agency DLC
050 00 - LIBRARY OF CONGRESS CALL NUMBER
Classification number H61
Item number .F639 2010
082 00 - DEWEY DECIMAL CLASSIFICATION NUMBER
Classification number 306.44
100 1# - MAIN ENTRY--PERSONAL NAME
Personal name Franzosi, Roberto.
245 10 - TITLE STATEMENT
Title Quantitative narrative analysis /
Statement of responsibility, etc Roberto Franzosi.
260 ## - PUBLICATION, DISTRIBUTION, ETC. (IMPRINT)
Place of publication, distribution, etc Thousand Oaks, California :
Name of publisher, distributor, etc SAGE,
Date of publication, distribution, etc 2010.
300 ## - PHYSICAL DESCRIPTION
Extent xvi, 175 pages :
Other physical details illustrations ;
Dimensions 22 cm.
490 0# - SERIES STATEMENT
Series statement Quantitative applications in the social sciences ;
Volume number/sequential designation 162
500 ## - GENERAL NOTE
General note Includes bibliographical references and index.
650 #0 - SUBJECT ADDED ENTRY--TOPICAL TERM
Topical term or geographic name as entry element Social sciences
General subdivision Research
-- Methodology.
650 #0 - SUBJECT ADDED ENTRY--TOPICAL TERM
Topical term or geographic name as entry element Discourse analysis, Narrative.
650 #0 - SUBJECT ADDED ENTRY--TOPICAL TERM
Topical term or geographic name as entry element Content analysis (Communication)
906 ## - LOCAL DATA ELEMENT F, LDF (RLIN)
a 7
b cbc
c orignew
d 1
e ecip
f 20
g y-gencatlg
942 ## - ADDED ENTRY ELEMENTS (KOHA)
Source of classification or shelving scheme Library of Congress Classification
Koha item type Books
Call number prefix Foreign
Holdings
Withdrawn status Lost status Source of classification or shelving scheme Damaged status Not for loan Home library Current library Shelving location Date acquired Source of acquisition Total Checkouts Full call number Barcode Date last seen Price effective from Koha item type
    Library of Congress Classification   On Process College Library College Library General Circulation Section 09/03/2014 Library Fund   H 61 .F639 2010 C18577 05/15/2018 09/03/2014 Books

Quantitative narrative analysis /

APA

Franzosi R., . (2010). Quantitative narrative analysis. Thousand Oaks, California: SAGE.

Chicago

Franzosi Roberto, . 2010. Quantitative narrative analysis. Thousand Oaks, California: SAGE.

Harvard

Franzosi R., . (2010). Quantitative narrative analysis. Thousand Oaks, California: SAGE.

MLA

Franzosi Roberto, . Quantitative narrative analysis. Thousand Oaks, California: SAGE. 2010.

  • Place hold
  • Print
  • Cite
  • Add to your cart (remove)
  • Save record
    BIBTEX Dublin Core MARCXML MARC (non-Unicode/MARC-8) MARC (Unicode/UTF-8) MARC (Unicode/UTF-8, Standard) MODS (XML) RIS
  • More searches
    Search for this title in:
    Other Libraries (WorldCat) Other Databases (Google Scholar) Online Stores (Bookfinder.com) Open Library (openlibrary.org)

Exporting to Dublin Core...

SOUTHVILLE LIBRARY

Southville International School and Colleges Library

1281 Tropical Ave. Cor. Luxembourg St., BF Homes International, Las Pinas City

Tel. No. 8256374 / 252358 Loc. 117/146

Powered by Koha